000 00663nam a2200265Ia 4500
005 20260121165102.0
008 008 260114s9999 xx 000 0 eng d
020 _a9781137567727
037 _aEBOOK
040 _aCRL
040 _beng
040 _cCRL
041 _2eng
041 _aeng
084 _qCRL
100 _aJohn Edgar Browning, David Castillo, David Schmid, David A. Reilly
_91047336
245 0 _aZombie Talk
260 _bSpringer
260 _bSpringer
260 _c2016
856 _uhttps://link.springer.com/openurl?genre=book&isbn=978-1-137-56772-7
942 _cEBOOK
999 _c1613061
_d1613061